000 00590nam a2200229Ia 4500
003 OSt
005 20220925203957.0
006 a|||||r|||| 00| 0
007 ta
008 220923b |||||||| |||| 00| 0 eng d
037 _cGeneral Book
040 _aRTL
_cRTL
_beng
041 _2eng
_aeng
082 _aR, L7/SC
100 _aJOLL James
_998024
245 0 _aGramsci.
260 _aFontana
_bWilliams Collins Sons.
_c1977
300 _a128p.
_ccm.
500 _aBibliography: P 126-128
942 _hR, L7/SC
_cGB
_2CC
999 _c548243
_d548243